banner-ar

جغرافية الممالك العثمانية / (Record no. 65849)

MARC details
000 -الفاتح
حقل البيانات ثابتة الطول 01317nam a22002897a 4500
005 - وقت وتاريخ اخر تعامل مع التسجيلة
رقم الضبط 20240530110846.0
008 - عناصر البيانات ثابتة الطول - معلومات عامة
حقل البيانات ثابتة الطول 200912s2018 ua a f b 000 0dara d
017 ## - رقم الايداع القانونى
رقم الايداع القانونى 2017/27391
المصدر ( الهيئة المختصة) مصر. دار الكتب
020 ## - الرقم الدولى المعيارى للكتب
الرقم الدولى المعيارى للكتاب 9789772786589
040 ## - مصدر الفهرسة
وكالة الفهرسة الأصلية EG-CaGPL
وكالة النسخ EG-CaGPL
082 04 - رقم تصنيف ديوى العشرى
رقم الطبعة 21
رقم التصنيف 915.6015\
رقم المادة أ ج
100 0# - المدخل الرئيسى - إسم شخصى
الإسم الشخصى احمد عبدالوهاب الشرقاوى
245 12 - بيان العنوان
العنوان جغرافية الممالك العثمانية /
بيان المسئوليه,etc اعداد احمد عبدالوهاب الشرقاوى ، محمد عبدالعاطى محمد ، ياسر احمد محمد
250 ## - بيان الطبعة
بيان الطبعة ط.1
260 ## - PUBLICATION, DISTRIBUTION, ETC. (IMPRINT)
تاريخ النشر أو التوزيع 2020
300 ## - الوصف المادى
التعداد 487 ص. ؛
أبعاد الوعاء 24 سم.
490 0# - بيان السلسلة
عنوان السلسلة مشروع مصادر التاريخ العثمانى ؛
رقم المجلد/ التعيين التسلسلي 1
504 ## - تبصرة ببليوجرافية
تبصرة ببليوجرافية,الخ يشتمل على ارجاعات ببليوجرافية
650 07 - المدخل الاضافى بالموضوع-مصطلح موضوعى
مصطلح موضوعي الامبراطورية العثمانية
مصدر الرأس أو المصطلح qrmak
650 07 - المدخل الاضافى بالموضوع-مصطلح موضوعى
مصطلح موضوعي الامبراطورية العثمانية
التقسيم الفرعي العام جغرافيا
مصدر الرأس أو المصطلح qrmak
651 07 - المدخل الاضافى بالموضوع - اسم جغرافى
مصدر الرأس أو المصطلح qrmak
الاسم الجغرافي استانبول
651 07 - المدخل الاضافى بالموضوع - اسم جغرافى
الاسم الجغرافي سوريا
التقسيم الفرعي العام تاريخ قديم
مصدر الرأس أو المصطلح qrmak
700 0# - المدخل الاضافى - اسم شخصى
الإسم الشخصى محمد عبدالعاطى محمد
الدور معد مشارك
700 0# - المدخل الاضافى - اسم شخصى
الإسم الشخصى ياسر احمد محمد
الدور معد مشارك
942 ## - عناصر المدخل الإضافي( كوها)
مصدر التصنيف او مخطط الترفيف Dewey Decimal Classification
Koha [default] item type كتاب
260 ## - PUBLICATION, DISTRIBUTION, ETC. (IMPRINT)
-- القاهرة :
-- دار البشير للثقافة والعلوم،
Holdings
حالة التراجع حالة الفقد حالة تلف ليس للاعارة المكان المؤقت الموقع الحالى موقع الترفيف تاريخ الاكتساب اجمالي اﻻعارات رقم الطلب الباركود تاريخ اخر مشاهدة تاريخ تفعيل السعر نوع وعاء كوها
        مكتبة القاهرة الكبرى مكتبة القاهرة الكبرى القاعة الرئيسية 10/11/2020   915.6015\ أ ج 166970 10/11/2020 10/11/2020 كتاب

Powered By

EGPV